| 000 | 00628nam a2200229Ia 4500 | ||
|---|---|---|---|
| 003 | GCL | ||
| 008 | 140319s9999 xx 000 0 eng d | ||
| 040 |
_aGCL / _cGCL |
||
| 082 | 0 | 4 |
_a025.3 _bG M |
| 100 | 1 | _aGOSWAMI, INDER MOHAN | |
| 245 | 1 | 0 |
_aMANUAL OF LIBRARY CATALOGING / _cGOSWAMI, INDER MOHAN |
| 260 |
_a[S.N] : _bCOMMONWEATH PUBLISHERS ، _c1995 |
||
| 300 | _a355 P | ||
| 650 | 0 | 4 | _aLIBRARY SCIENCE |
| 650 | 0 | 4 | _aINFORMATION SCIENCE |
| 650 | 0 | 4 | _aLIBRARIES |
| 650 | 0 | 4 | _aCATALOGING |
| 650 | 0 | 4 | _aLIBRARY - CATALOGING |
| 650 | 0 | 4 | _aAUTOMATIC INDEXING |
| 650 | 0 | 4 | _aCARD CATALOGS FOR LIBRARIES |
| 942 |
_2ddc _cBK |
||
| 999 |
_c11708 _d11708 |
||